000 00555cam5a220019300 4500
001 tmp15529260
003 UPRA
005 20190816084857.0
008 950906s1952 fr fre u
035 _a(Sirsi) r124092
035 _a(UPRA)tmp15529260
040 _cUPRA
100 1 _aHeriat, Philippe, 1898-1971.
_dHeriat, Philippe, 1898-1971.
_6A44302.1
245 1 3 _aLa foire aux garcons.
260 _a[Paris] :
_bGallimard,
_c[1952]
440 0 _aLivre de poche
_6S322.1
949 _aPQ2615.E66
_wlcc
_i-178311
_mMAIN
_tBOOK
_lON-SHELF
004 124092
999 _c79858
_d79858